000 00822nac a22002171u 4500
020 _a9771937731
082 _a333.73
_bB224
090 _c3215
_d3215
100 _a20080729
245 _aReviews in ecology:
_bDesert conservation and development /
_cEditors Hala N. Barakat, Ahmed K. Hegazy; Preface by Mostafa K. Tolba
260 _aCairo:
_bMetropole,1997.
_c1997.
300 _a331p.:
_bill. ;
_c23 cm.
504 _aIncludes bibliographical references
650 _a Desertification.
650 _aArid regions agriculture
650 _aDesert resources development
700 _aBarakat, Hala N.
700 _aHegazy, Ahmad K.
942 _cBB
_k333.73B224
999 _c3215
_d3215